| 000 | 00397nam a2200109Ia 4500 | ||
|---|---|---|---|
| 008 | 160909s9999 xx 000 0 und d | ||
| 100 | _aSweet, John | ||
| 245 | 4 | _aThe comparative benefits and hazards of EFBs and paper documents in the cockpit | |
| 260 |
_bCalifornia State University, Long Beach. _c2016 |
||
| 650 | _aPSYCHOLOGY | ||
| 856 | _uhttp://pqdtopen.proquest.com/doc/1797617801.html?FMT=ABS | ||
| 999 |
_c304116 _d304116 |
||